书目信息 |
| 题名: |
大学语文
|
|
| 作者: | 詹福瑞 , 王长华 主编 | |
| 分册: | ||
| 出版信息: | 河北教育 2008.01 |
|
| 页数: | 598页 | |
| 开本: | 24cm | |
| 丛书名: | ||
| 单 册: | ||
| 中图分类: | H1 | |
| 科图分类: | ||
| 主题词: | 汉语 | |
| 电子资源: | ||
| ISBN: | 978-7-5434-6196-3 | |
| 000 | 00631nam0 2200229 45 | |
| 001 | 0936762964 | |
| 005 | 20091020101350.06 | |
| 010 | @a978-7-5434-6196-3@dCNY53.00 | |
| 100 | @a20090515d2008 ekmy0 y0120 ea | |
| 102 | @aCN@b130000 | |
| 105 | @ay z 000yy | |
| 200 | 1 | @a大学语文@f詹福瑞,王长华主编@Fzhan fu rui,wang chang hua zhu bian |
| 210 | @c河北教育@d2008.01 | |
| 210 | @a石家庄@c河北教育出版社 | |
| 215 | @a598页@d24cm | |
| 606 | 0 | @a汉语 |
| 690 | @aH1@v4 | |
| 701 | 0 | @a詹福瑞@Azhan fu rui@4主编 |
| 701 | 0 | @a王长华@Awang chang hua@4主编 |
| 801 | 0 | @aCN@c20091020 |
| 905 | @a10447@dH1@eW120 | |
| 906 | @d53@n1@r1 | |
| 大学语文/詹福瑞,王长华主编.-河北教育,2008.01.-石家庄:河北教育出版社 |
| 598页;24cm |
| ISBN 978-7-5434-6196-3:CNY53.00 |
| ● |
| 相关链接 |
|
|
|
正题名:大学语文
索取号:H1/W120
 
预约/预借
| 序号 | 登录号 | 条形码 | 馆藏地/架位号 | 状态 | 备注 |
| 1 | 654910 | 206549109 | 语言库209/209语言库 69排3列4层/ [索取号:H1/W120] | 在馆 |